Αλέξανδρος Ν. Τομπάζης

Αποθηκεύτηκε σε:
Λεπτομέρειες βιβλιογραφικής εγγραφής
Κύριος συγγραφέας: Τομπάζης, Αλέξανδρος Ν. 1939-
Μορφή: Βιβλίο
Γλώσσα:Greek
Δημοσίευση: Αθήνα : Libro, c2005
Σειρά:Libro / Αρχιτεκτονική Πόλεις
Θέματα:
Ετικέτες: Προσθήκη ετικέτας
Δεν υπάρχουν, Καταχωρήστε ετικέτα πρώτοι!

MARC

LEADER 00000nam a2200000 i 4500
001 1/36539
008 061030s2005 gre d
020 |a 960-490-073-0 
035 |l 10085846 
040 |a GR-MY-UA  |b gre  |e aacr 
041 0 |a gre 
082 0 |a 720.92  |2 (22) 
100 1 |a Τομπάζης, Αλέξανδρος Ν.  |d 1939- 
245 1 0 |a Αλέξανδρος Ν. Τομπάζης 
260 |a Αθήνα :   |b Libro,   |c c2005 
300 |a 276 σ.;  |b εικ. (μερ. έγχρ.);  |c 28 εκ. 
490 1 |a Libro / Αρχιτεκτονική Πόλεις 
600 1 0 |a Τομπάζης Αλέξανδρος Ν.  |d 1939- 
650 0 0 |a Architecture  |z Greece  |y 20th century. 
650 0 0 |a Architectural firms  |x Greece. 
830 0 |a Libro / Αρχιτεκτονική Πόλεις 
852 |a INST  |b SYROS  |e 20061030  |h 720.92 ΤΟΜ  |p 005500007201  |q 005500007201  |t BK  |y 0 
901 |a BIBL5-2007-2 
909 |a Ε  |b 133106 
922 |a 5ΕΛΗ  |b 200610  |c ΒΙΒΛΙΟΘΗΚΗ ΣΥΡΟΥ  |d GLORY BOOK 
950 |a 188-2006-10-9 
970 |a ΚΟΝΤΟΥ  |b ΠΑΡΑΣΚΕΥΗ  |z 2007/09/04